Представление документа в формате MARC21

Поле Инд. ПП Название Значение
Тип записи a
Библиографический уровень m
001 _ Контрольный номер RU\infra-m\znanium\bibl\1069929
005 _ Дата корректировки 20250915104114.3
008 Кодируемые данные 200905s2020 RU g rus u
020 a ISBN 978-5-16-011202-2
020 a ISBN 978-5-16-103327-2
040 a Служба первич. каталог. Общество с ограниченной ответственностью «ЗНАНИУМ»
041 a Код языка текста rus
044 a Код страны публикации RU
080 a Индекс УДК 514.12(075.8)
084 2 Источник индекса rubbk
a Индекс другой классификации/Индекс ББК 22.151.5я73
084 2 Источник индекса okso
a Индекс другой классификации/Индекс ББК 01.04.04
084 2 Источник индекса okso
a Индекс другой классификации/Индекс ББК 01.04.02
084 2 Источник индекса okso
a Индекс другой классификации/Индекс ББК 01.03.02
084 2 Источник индекса okso
a Индекс другой классификации/Индекс ББК 02.03.02
084 2 Источник индекса okso
a Индекс другой классификации/Индекс ББК 04.03.02
084 2 Источник индекса okso
a Индекс другой классификации/Индекс ББК 03.03.02
084 2 Источник индекса okso
a Индекс другой классификации/Индекс ББК 01.03.04
100 1_ a Автор Бортаковский Александр Сергеевич
q Полное имя Александр Сергеевич
245 a Заглавие Аналитическая геометрия в примерах и задачах
b Продолж. заглавия Учебное пособие
c Ответственность Московский авиационный институт (национальный исследовательский университет)
250 g стер.
a Основные сведения об издании 2
260 a Место издания Москва
b Издательство ООО "Научно-издательский центр ИНФРА-М"
c Дата издания 2020
300 a Объем 496 с.
520 a Аннотация Приведены основные понятия, теоремы и методы решения задач по всем разделам курса: векторной алгебре, системам координат, преобразованиям плоскости и пространства, уравнениям линий и поверхностей первого и второго порядков. Описаны некоторые приложения аналитической геометрии в механике, теории оптимизации и математическом анализе.
521 a Примеч. о целев. назн. ВО - Бакалавриат
650 a Основная рубрика Физико-математические науки
x Основная подрубрика Алгебра,линейная алгебра и аналитическая геометрия
700 1_ a Другие авторы Пантелеев Андрей Владимирович
q Полное имя Андрей Владимирович
852 x Примечание, не предназначенное для пользователя znanium2022
856 4_ a Имя сервера/домена znanium.com
m Помощь ebs_support@infra-m.ru
n Местонахождение сервера НИЦ ИНФРА-М
u URL http://znanium.com/catalog/document?id=355390
z Примечание для пользователя Участвует в КО
856 41 a Имя сервера/домена znanium.com
d Путь /cover/1069
f Электронное имя 1069929.jpg
q Тип электронного формата image/jpeg
u URL https://znanium.com/cover/1069/1069929.jpg